| 000 | 00439nam a22001457a 4500 | ||
|---|---|---|---|
| 003 | SGT | ||
| 082 |
_a616.89 _bA21S |
||
| 100 | _aSHEOKAND, NIYATI | ||
| 245 | _aA CROSS SECTIONAL STUDY OF ASSOCIATION OF SLEEP QUALITY COMPONENTS AND MENTAL HEALTH IN UNDERGRADUATE STUDENTS OF SGT UNIVERSITY GURGAON, HARYANA, INDIA | ||
| 260 |
_aGURUGRAM _bSGT UNIVERSITY _c2021 |
||
| 300 | _a74 | ||
| 650 | _aPSYCHIATRY | ||
| 653 | _aM.D | ||
| 942 |
_2ddc _cTH |
||
| 999 |
_c26573 _d26573 |
||